000 004220000a22001810004500
003 MACL
005 20151010121654.0
008 151010b xxu||||| |||| 00| 0 eng d
040 _aMACL
_cMACL
041 _aEnglish
082 _a920/GOP
100 _aGopal, Madan
_96972
245 _aMy Life and times Premchand
260 _bRoli Books
_aNoida
350 _a295
650 _aBiography
_914287
942 _cBK
_k920
_2ddc
999 _c2209
_d2209